00197 a2200085 4500001000700000040003500007100002000042240002700062245002200089146984 cEscola São Tomás de Aquino aBANDEIRA, Pedro10aA onça e o sacilpor10aA onça e o saci